000
00529nam a2200133Ia 4500
008
100328s9999 xx 000 0 und d
082
_b
73225
100
_a
कवी घनश्याम.
245
_a
तुमचा भाग्योदय तुमच्या हातात.
260
_b
उत्कर्ष.
630
_a
तुमचा भाग्योदय तुमच्या हातात.
730
_a
तुमचा भाग्योदय तुमच्या हातात.
942
_c
BOOK
999
_c
558946
_d
558943